[Event "Oberliga Bayern9899"]
[Site "Bayern"]
[Date "1999.??.??"]
[Round "?"]
[White "Naumkin, Igor"]
[Black "Bredl, Harald"]
[Result "1-0"]
[WhiteElo "2405"]
[BlackElo "2285"]

1.d4 Nf6 2.c4 g6 3.Nc3 d5 4.cxd5 Nxd5 5.e4 Nxc3 6.bxc3 Bg7 7.Bc4 c5 8.Ne2 Nc6
9.Be3 O-O 10.O-O Bg4 11.f3 Na5 12.Bxf7+ Rxf7 13.fxg4 Rxf1+ 14.Kxf1 Qd6 15.e5 Qe6
16.h3 Rd8 17.Qe1 Nc4 18.Bf4 Qd5 19.Kg1 Qe4 20.Qf2 Qc2 21.Qf3 Qb2 22.Re1 e6
23.a4 Rd7 24.dxc5 Nxe5 25.Bxe5 Bxe5 26.Rf1 Bg7 27.c6 Qb6+ 28.Nd4 bxc6 29.Kh1 c5
30.Nxe6 h6 31.g5 hxg5 32.Qe4 Qa6 33.c4 Re7 34.Qxg6 Qc8  1-0

[Event "Oberliga Bayern9899"]
[Site "Bayern"]
[Date "1999.??.??"]
[Round "?"]
[White "Haag, Wolfgang"]
[Black "Lichtenstern, Christoph"]
[Result "1-0"]
[WhiteElo "2300"]
[BlackElo "2160"]

1.d4 Nf6 2.c4 g6 3.Nc3 d5 4.cxd5 Nxd5 5.e4 Nxc3 6.bxc3 Bg7 7.Qa4+ Nc6 8.Nf3 O-O
9.Be2 Bd7 10.Qc2 Na5 11.O-O c5 12.dxc5 Qc7 13.Be3 Rfd8 14.Rab1 e5 15.Rfd1 f5
16.g3 f4 17.gxf4 exf4 18.Bd4 Be6 19.Qa4 h6 20.Bxg7 Kxg7 21.Nd4 Bf7 22.Nb5 Rxd1+
23.Rxd1 Qxc5 24.Qxa5 a6 25.Qa4 Qg5+ 26.Kh1 f3 27.Bf1 Rc8 28.Nd6 Rd8 29.Nxf7 Rxd1
30.Qxd1 Kxf7 31.Qxf3+ Kg7 32.Bc4 Qc1+ 33.Kg2 h5 34.h4 Qd2 35.Qf7+ Kh6 36.Qf8+ Kh7
37.Qg8+  1-0

[Event "Oberliga Bayern9899"]
[Site "Bayern"]
[Date "1999.??.??"]
[Round "?"]
[White "Cech, Pavel"]
[Black "Bredl, Harald"]
[Result "1/2-1/2"]
[WhiteElo "2325"]
[BlackElo "2285"]

1.d4 Nf6 2.c4 g6 3.Nc3 d5 4.cxd5 Nxd5 5.e4 Nxc3 6.bxc3 Bg7 7.Nf3 c5 8.Rb1 O-O
9.Be2 Qa5 10.Rb5 Qxc3+ 11.Bd2 Qa3 12.Ra5 Qb2 13.Rxc5 Nc6 14.d5 Nd4 15.Nxd4 Bxd4
16.Rc2 Qb6 17.O-O Bd7 18.Rc4 Bg7 19.Rb4 Qc7 20.Qb3 b6 21.Rc4 Qb7 22.Bf4 e5
23.Bg3 Rac8 24.f4 Rxc4 25.Bxc4 b5 26.Be2 exf4 27.Bxf4 Qb6+ 28.Kh1 Qd4 29.Bf3 a5
30.Rc1 a4 31.Qe3 Qb2 32.Bd6 Rc8 33.Rxc8+ Bxc8 34.a3 Bd4 35.Qe2 Qb3 36.h3 Bc3
37.e5 Bd7 38.Bg4 Bxg4 39.Qxg4 Qb1+ 40.Kh2 Qf5 41.Qe2  1/2-1/2

[Event "Regionalliga NW9899"]
[Site "Bayern"]
[Date "1999.??.??"]
[Round "?"]
[White "Stickler, Andreas"]
[Black "Solomunovic, Igor"]
[Result "0-1"]
[WhiteElo "2310"]
[BlackElo "2370"]

1.d4 Nf6 2.c4 g6 3.Nc3 d5 4.cxd5 Nxd5 5.e4 Nxc3 6.bxc3 Bg7 7.Be3 c5 8.Qd2 Qa5
9.Rc1 O-O 10.Nf3 Nd7 11.Bd3 e5 12.dxe5 Nxe5 13.Nxe5 Bxe5 14.O-O Rd8 15.Qc2 Bd7
16.Bc4 Ba4 17.Qb2 Bc6 18.Bg5 Rd7 19.f4 Bg7 20.e5 Kh8 21.Rcd1 Rxd1 22.Rxd1 h6
23.Be7 g5 24.Qd2 Qa4 25.Bxf7 gxf4 26.Bb3 Qe4 27.Bc2 Qxe5 28.Qd8+ Rxd8 29.Rxd8+ Bf8
30.Rxf8+ Kg7 31.Bf6+ Qxf6 32.Rxf6 Kxf6 33.Kf2 Ke5 34.g4 fxg3+ 35.hxg3 Be4
36.Bb3 Bd5 37.c4 Be6 38.Ke3 a6  0-1

[Event "Regionalliga NO9899"]
[Site "Bayern"]
[Date "1999.??.??"]
[Round "?"]
[White "Schroeder, Frank"]
[Black "Soergel, Frank"]
[Result "1/2-1/2"]
[WhiteElo "1955"]
[BlackElo "2005"]

1.d4 Nf6 2.c4 g6 3.Nc3 d5 4.cxd5 Nxd5 5.e4 Nxc3 6.bxc3 Bg7 7.Nf3 c5 8.Bb5+ Bd7
9.Bxd7+ Qxd7 10.O-O O-O 11.Be3 cxd4 12.cxd4 Nc6 13.Qa4 Rfd8 14.Rad1 Ne5 15.Qxd7 Nxf3+
16.gxf3 Rxd7 17.d5 b6 18.Rc1 e6 19.dxe6 fxe6 20.Rc6 Kf7 21.Rfc1 Rad8 22.Kg2 Bf6
23.f4 Bd4 24.f5 gxf5 25.exf5 exf5 26.Bg5 Rg8 27.h4 Rg6 28.Rc7 Rd6 29.h5 Bf6
30.Be3 Bd8 31.Rc8 Ke6 32.Bf4 Rd4 33.R8c6+ Kf7 34.Be3 R4d6 35.Rc8 Bf6 36.R8c7 Ke6
37.Rc8 Kf7 38.R8c7 Ke6 39.Rc8 Be5 40.Bg5 Bf6 41.Re1+ Kf7 42.Bxf6 Kxf6 43.Rf8+ Rf7
44.Rfe8 Rg7+ 45.Kh2 Rg5 46.Rf8+ Kg7 47.Ree8 Kh6 48.Re7 Rxh5+ 49.Kg3 Rg6+
50.Kf4 Rg4+ 51.Ke3 Re4+ 52.Rxe4 fxe4 53.Kxe4 Ra5 54.f4 Kg7 55.Rd8 Rxa2 56.Kf5 a5  1/2-1/2

[Event "Regionalliga NO9899"]
[Site "Bayern"]
[Date "1999.??.??"]
[Round "?"]
[White "Kalender, Benjamin"]
[Black "Soergel, Frank"]
[Result "1/2-1/2"]
[WhiteElo "2050"]
[BlackElo "2035"]

1.d4 Nf6 2.c4 g6 3.Nc3 d5 4.cxd5 Nxd5 5.e4 Nxc3 6.bxc3 Bg7 7.Rb1 O-O 8.Nf3 c5
9.Qd2 b6 10.Bc4 Bb7 11.d5 Ba6 12.Qd3 Bxc4 13.Qxc4 Qc7 14.O-O Nd7 15.g3 Ne5
16.Nxe5 Qxe5 17.Bd2 e6 18.Qd3 exd5 19.exd5 c4 20.Qxc4 Rfd8 21.Rfe1 Qxd5 22.Re8+ Bf8
23.Qxd5 Rxd5 24.Rxa8 Rxd2 25.Re1 Kg7 26.Re3 Rxa2 27.Rc8 Bc5 28.Rf3 Re2 29.Rc7 Re7
30.Rxe7 Bxe7 31.Kf1 a5 32.Ke2 a4 33.Kd3 a3 34.Kc2 Bc5 35.Kb3 Kf8 36.Rd3 Ke7
37.f3 h5 38.g4 hxg4 39.fxg4 Ke6 40.h4 Kf6 41.Rf3+ Kg7 42.Rf1 f6 43.Kc4 Bd6
44.Rd1 Bc5 45.Rd7+ Kh6 46.Rf7 Bf2 47.g5+ Kh5 48.Kb3 fxg5 49.Rxf2 gxh4 50.Rf6 g5
51.Rxb6 g4 52.Rb8 h3 53.c4 g3 54.c5 g2 55.c6 h2 56.Rh8+ Kg5 57.c7 g1=Q  1/2-1/2

[Event "Regionalliga SW9899"]
[Site "Bayern"]
[Date "1999.??.??"]
[Round "?"]
[White "Kowarsch, Heinrich"]
[Black "Wolf, Thomas"]
[Result "0-1"]
[WhiteElo "2000"]
[BlackElo "2005"]

1.d4 Nf6 2.c4 g6 3.Nc3 d5 4.cxd5 Nxd5 5.e4 Nxc3 6.bxc3 Bg7 7.Bc4 c5 8.Ne2 Nc6
9.Be3 O-O 10.O-O Qc7 11.Rc1 Rd8 12.Qd2 a6 13.a4 Na5 14.Qa2 Nxc4 15.Qxc4 Bd7
16.d5 Rdc8 17.f4 Qa5 18.Ra1 b5 19.Qd3 bxa4 20.Ra3 Rab8 21.e5 Rb2 22.Nc1 Qb6
23.h3 e6 24.d6 Bb5 25.c4 Bc6 26.Bd2 Qb7 27.Rf2 Rb1 28.Kh2 f6 29.Qg3 fxe5
30.fxe5 Qb2 31.Bf4 Qb4 32.Qe3 Rf8 33.Rc3 Rb2 34.Rxb2 Qxb2 35.Ne2 a5 36.Rd3 Qb6
37.d7 Rd8 38.Rd6 Rxd7 39.Rxe6 Rd8 40.Nc3 Qb7 41.Nxa4 Bxa4 42.Qxc5 Qe4 43.Qe3 Qxe3
44.Bxe3 Kf7 45.Ra6 Bxe5+ 46.Kg1 Bg3 47.Kf1 Bb3 48.Ra7+ Kg8 49.Ke2 Bxc4+ 50.Kf3 Be1
51.Bb6 Rf8+ 52.Ke4 Re8+ 53.Kf4 Bd5 54.g4 Bd2+ 55.Kg3 Ra8 56.Rd7 Be1+ 57.Kh2 Bf7
58.Rd1 Bc3 59.Rd3 Be5+ 60.Kg2 a4 61.Bc5 Bb2 62.Ba3 Bxa3 63.Rxa3 Bb3 64.g5 Rc8
65.Ra1 Rc3 66.Kh2 Kf7 67.Rf1+ Ke6 68.Rf6+ Ke5 69.Ra6 Kf4 70.h4 Kg4 71.Ra7 Rh3+
72.Kg2 Rxh4  0-1

[Event "Landesliga Nord 9899"]
[Site "Bayern"]
[Date "1999.??.??"]
[Round "?"]
[White "Hirn, Erwin"]
[Black "Braginskij, Alexej"]
[Result "0-1"]
[WhiteElo "1990"]
[BlackElo "1920"]

1.d4 Nf6 2.c4 g6 3.Nc3 d5 4.cxd5 Nxd5 5.e4 Nxc3 6.bxc3 Bg7 7.Bc4 O-O 8.Ne2 c5
9.Rb1 Nc6 10.Be3 Qc7 11.O-O Rd8 12.Bd5 e6 13.Bb3 b6 14.Qc2 Ba6 15.dxc5 Bd3
16.cxb6 axb6 17.Qb2 Bxb1 18.Rxb1 b5 19.Nd4 b4 20.Rd1 Qd7 21.Qe2 bxc3 22.Nxe6 Rxa2
23.Qe1 Qxd1 24.Bxd1 Ra1  0-1

[Event "Landesliga Sued 9899"]
[Site "Bayern"]
[Date "1999.??.??"]
[Round "?"]
[White "Siebert, Joachim"]
[Black "Wuerdinger, Alexander"]
[Result "1/2-1/2"]
[WhiteElo "2010"]
[BlackElo "2055"]

1.d4 Nf6 2.c4 g6 3.Nc3 d5 4.cxd5 Nxd5 5.e4 Nxc3 6.bxc3 Bg7 7.Nf3 c5 8.Rb1 cxd4
9.cxd4 Qa5+ 10.Bd2 Qxa2 11.Qc1 O-O 12.Bc4 Qa4 13.Bb5 Qa2 14.Bc4 Qa4 15.Bb5 Qa2
16.O-O Bg4 17.Bc4 Qa4 18.Bb5  1/2-1/2

[Event "Berlin Tegel-B"]
[Site "Berlin"]
[Date "1999.??.??"]
[Round "8"]
[White "Zierke, Oliver"]
[Black "Jasnikowski, Zbigniew"]
[Result "1/2-1/2"]
[WhiteElo "2315"]
[BlackElo "2405"]

1.d4 Nf6 2.c4 g6 3.Nc3 d5 4.cxd5 Nxd5 5.e4 Nxc3 6.bxc3 Bg7 7.Be3 c5 8.Qd2 Qa5
9.Rc1 cxd4 10.cxd4 Qxd2+ 11.Kxd2 O-O 12.Nf3 Nc6 13.Bb5 f5 14.exf5 Rxf5 15.Bxc6 bxc6
16.Rxc6 Ra5 17.Ra1 Bb7 18.Rc7 Bxf3 19.gxf3 e5 20.Rd7 exd4 21.Bxd4 Bxd4 22.Rxd4 Ra3
23.Rd3 Rxd3+ 24.Kxd3 Rf8 25.Ke4 Rf5 26.a4 Ra5 27.Kd4 Kf7 28.Kc4 Ke6 29.Kb4 Rf5
30.Ra3 a5+ 31.Kc4 Kd6 32.Re3  1/2-1/2

[Event "Budapest FS07 Elo"]
[Site "Budapest"]
[Date "1999.??.??"]
[Round "4"]
[White "Bock, I."]
[Black "Horvath, Kalman"]
[Result "1-0"]
[WhiteElo "2220"]
[BlackElo "2130"]

1.d4 Nf6 2.c4 g6 3.Nc3 d5 4.cxd5 Nxd5 5.e4 Nxc3 6.bxc3 Bg7 7.Bc4 c5 8.Ne2 O-O
9.O-O Nc6 10.Be3 Qc7 11.Rc1 Rd8 12.Bf4 Qa5 13.Qb3 Rf8 14.Rfd1 a6 15.a4 cxd4
16.cxd4 Qd8 17.Bd5 Qe8 18.Rc5 Kh8 19.f3 e6 20.Bxc6 bxc6 21.Bd6 Rg8 22.e5 f5
23.a5 Bf8 24.Bxf8 Rxf8 25.Rb1 Bd7 26.Qc4 Ra7 27.Rb6 Qa8 28.Nc3 Rb8 29.Na4 Rxb6
30.axb6 Rb7 31.Ra5 Qd8 32.Rxa6 c5 33.Nxc5 Qg5 34.Nxb7 Qe3+ 35.Kf1 Bb5 36.Qxb5 Qc1+
37.Kf2 Qd2+ 38.Qe2 Qxd4+ 39.Kf1 Qf4 40.g3 Qc1+ 41.Kg2 Qc6 42.Nd8 Qd5 43.b7 Qb3
44.Ra8 Kg7 45.b8=Q Qd5 46.Ra4 f4 47.Qc7+ Kh6 48.Nf7+ Kg7 49.Ng5+ Kh6 50.Qxh7+ Kxg5
51.h4+ Kf5 52.g4+  1-0

[Event "Burgas op-8"]
[Site "Burgas"]
[Date "1999.??.??"]
[Round "5"]
[White "Campos Moreno, Javier B"]
[Black "Rodriguez Boado, Martin"]
[Result "1-0"]
[WhiteElo "2480"]
[BlackElo "2165"]

1.d4 Nf6 2.c4 g6 3.Nc3 d5 4.cxd5 Nxd5 5.e4 Nxc3 6.bxc3 Bg7 7.Bc4 c5 8.Ne2 O-O
9.O-O Nc6 10.Be3 Qc7 11.Rc1 Rd8 12.Bf4 Qd7 13.d5 Na5 14.Bd3 e5 15.Bg5 f6
16.Be3 c4 17.Bc2 b5 18.f4 Qe7 19.fxe5 fxe5 20.Qd2 Bd7 21.Kh1 Rf8 22.Rxf8+ Bxf8
23.Ng1 Nb7 24.Nf3 a5 25.Rb1 Rc8 26.Qe1 Nd6 27.Bg5 Qe8 28.Qg3 Nf7 29.Bd2 Qe7
30.h4 Kh8 31.Ng5 Bg7 32.Rf1 Rf8 33.Kh2 h6 34.Nxf7+ Rxf7 35.Rxf7 Qxf7 36.Bd1 h5
37.Bg5 Qf8 38.Qe3 Bf6 39.Kg1 Bxg5 40.Qxg5 Qe8 41.Qf6+ Kh7 42.Qd6 Kg7 43.g3 Kf7
44.Kf2 Qe7 45.Qc7 a4 46.Ke3 a3 47.Bf3 Be8 48.Qb6 Qd7 49.Kf2 Ke7 50.Bg2 Qd6
51.Qb7+ Qd7 52.Qa6 Qd6 53.Qa7+ Kf6 54.Bf1 Bd7 55.Be2 Bc8 56.Ke1 Ba6 57.Kd1 Bc8
58.Kc2 Bd7 59.Kd2 Bh3 60.Qa8 Bg2 61.Qh8+ Ke7 62.Qg7+ Kd8 63.Qg8+ Kc7 64.Qf7+ Kb6
65.Qf2+ Qc5 66.Qxg2  1-0

[Event "Cannes op"]
[Site "Cannes"]
[Date "1999.??.??"]
[Round "6"]
[White "Gofshtein, Leonid D"]
[Black "Baquero, Luis A"]
[Result "1/2-1/2"]
[WhiteElo "2517"]
[BlackElo "2350"]

1.d4 Nf6 2.c4 g6 3.Nc3 d5 4.cxd5 Nxd5 5.e4 Nxc3 6.bxc3 Bg7 7.Bc4 c5 8.Ne2 O-O
9.O-O Nc6 10.Be3 Bg4 11.f3 Na5 12.Bxf7+ Rxf7 13.fxg4 Rxf1+ 14.Kxf1 cxd4 15.cxd4 e5
16.d5 Nc4 17.Bf2 Qf6 18.Kg1 b5 19.a4 Nd6 20.Qd3 bxa4 21.h3 a6 22.Rxa4 Nb5
23.Be3 Bf8 24.Rc4 Nd6 25.Ra4 Nb5 26.g5 Qd8 27.Nc3 Nxc3 28.Qxc3 Bd6 29.Qc6 a5
30.Bb6 Qf8 31.Ra1 Ra6 32.Kh1 Qb8 33.Bc7 Qc8 34.Qb5 Bxc7 35.Rc1 a4 36.Rxc7 Qxc7
37.Qxa6 Qc1+ 38.Kh2 Qf4+ 39.Kg1 Qc1+ 40.Kf2 Qf4+ 41.Kg1 Qe3+  1/2-1/2

[Event "Canovelles opA"]
[Site "Canovelles"]
[Date "1999.??.??"]
[Round "1"]
[White "Castillo Barranco, D."]
[Black "Molinero Martin, J."]
[Result "0-1"]
[WhiteElo "1965"]
[BlackElo "2130"]

1.d4 Nf6 2.c4 g6 3.Nc3 d5 4.cxd5 Nxd5 5.e4 Nxc3 6.bxc3 Bg7 7.Nf3 O-O 8.Bc4 c5
9.e5 cxd4 10.cxd4 Bg4 11.Be3 Nc6 12.Be2 Qd7 13.Qa4 a6 14.Qa3 Bxf3 15.Bxf3 Nxd4
16.Bxd4 Qxd4 17.O-O Ra7 18.Rad1 Qxe5 19.Rfe1 Qb8 20.Rxe7 b5 21.Red7 b4 22.Qa4 Rxd7
23.Rxd7 Qf4 24.Qb3 Bc3 25.Qd5 Kg7 26.g3 Qc1+ 27.Kg2 h5 28.Bd1 h4 29.Bb3 h3+
30.Kf3 Qh1+ 31.Kg4 Qxd5 32.Rxd5 Be1 33.f4 f6 34.Kxh3 Rc8 35.Rd6 a5 36.Rd5 Ra8
37.Kg2 Ra7 38.Kh3 a4 39.Bc4 Rc7 40.Bb5 a3 41.Rd7+ Rxd7 42.Bxd7 b3  0-1

[Event "Cappelle op"]
[Site "Cappelle la Grande"]
[Date "1999.??.??"]
[Round "9"]
[White "Kruppa, Yuri"]
[Black "Khachian, Melikset"]
[Result "1-0"]
[WhiteElo "2561"]
[BlackElo "2478"]

1.d4 Nf6 2.c4 g6 3.Nc3 d5 4.cxd5 Nxd5 5.e4 Nxc3 6.bxc3 Bg7 7.Bb5+ c6 8.Ba4 b5
9.Bb3 b4 10.Nf3 bxc3 11.O-O O-O 12.Bg5 Bg4 13.h3 Bxf3 14.Qxf3 h6 15.Be3 Na6
16.e5 Nb4 17.Rfc1 Nd5 18.Bxd5 cxd5 19.Rxc3 Qa5 20.Rc2 Rfc8 21.Rac1 Rxc2 22.Rxc2 e6
23.h4 Qb6 24.h5 g5 25.Kh2 a5 26.Qd1 a4 27.f4 gxf4 28.Bxf4 Qb4 29.Be3 Kh7
30.Rc7 Rf8 31.Kh3 Qa3 32.Qc2+ Kh8 33.Qd2 Kh7 34.Kh2 Rb8 35.Qf2 Rf8 36.Qc2+ Kg8
37.Qd2 Kh7 38.Rb7 Kg8 39.Bxh6 Bxh6 40.Qxh6 Qd3 41.Qg5+ Kh7 42.Qf6 Qf5 43.Qxf5+ exf5
44.e6  1-0

[Event "Ceske Budejovice op"]
[Site "Ceske Budejovice"]
[Date "1999.??.??"]
[Round "5"]
[White "Vacek, Radomir"]
[Black "Rehorek, Martin"]
[Result "1/2-1/2"]
[WhiteElo "2195"]
[BlackElo "2285"]

1.d4 Nf6 2.c4 g6 3.Nc3 d5 4.cxd5 Nxd5 5.e4 Nxc3 6.bxc3 Bg7 7.Nf3 O-O 8.Be2 b6
9.O-O Bb7 10.Qc2 Qc8 11.Be3 c5 12.d5 Ba6 13.Rae1 Bxe2 14.Rxe2 e5 15.Bc1 c4
16.Ba3 Re8 17.Qd2 Nd7 18.h4 Qa6 19.Qc1 b5 20.h5 Qb6 21.Qg5 h6 22.Qe3 Qxe3
23.Rxe3 g5 24.Rb1 Rab8 25.g4 Rb6 26.Re2 Reb8 27.Ne1 a5 28.Nc2 b4 29.cxb4 Bf8
30.b5 Rxb5 31.Rxb5 Rxb5 32.Bxf8 Kxf8 33.Ne3 Nb6 34.Rc2 Rb4 35.Kf1 a4 36.a3 Rb3
37.Nxc4 Nxc4 38.Rxc4 Rxa3 39.Rc6 Ra1+ 40.Ke2 Ra2+ 41.Kf3 Ra3+ 42.Kg2 Kg7
43.Ra6 Ra2 44.Kf3  1/2-1/2

[Event "CZE-chT2V 9899"]
[Site "CZE"]
[Date "1999.??.??"]
[Round "?"]
[White "Vacek, Radomir"]
[Black "Mirumian, Vigen"]
[Result "0-1"]
[WhiteElo "2255"]
[BlackElo "2470"]

1.d4 Nf6 2.c4 g6 3.Nc3 d5 4.cxd5 Nxd5 5.e4 Nxc3 6.bxc3 Bg7 7.Nf3 c5 8.Rb1 O-O
9.Be3 Qa5 10.Qd2 b6 11.Bd3 Nc6 12.e5 Rd8 13.Rb5 Qa4 14.Qc2 Qxc2 15.Bxc2 Ba6
16.Rb3 Na5 17.Ra3 cxd4 18.cxd4 Rac8 19.Be4 e6 20.Bd3 Bb7 21.Bb5 Bf8 22.Rd3 Be4
23.Rd1 a6 24.Ba4 Be7 25.a3 Nc4 26.Bc1 Bxf3  0-1

[Event "DEN-chT 9899"]
[Site "Denmark"]
[Date "1999.??.??"]
[Round "5"]
[White "Olsen, Heini"]
[Black "Rewitz, Poul"]
[Result "1-0"]
[WhiteElo "2315"]
[BlackElo "2350"]

1.c4 g6 2.d4 Nf6 3.Nc3 d5 4.cxd5 Nxd5 5.e4 Nxc3 6.bxc3 Bg7 7.Bc4 O-O 8.Ne2 c5
9.O-O Nc6 10.Be3 Bg4 11.f3 cxd4 12.cxd4 Na5 13.Bxf7+ Rxf7 14.fxg4 Rxf1+ 15.Kxf1 e5
16.d5 Qh4 17.Kg1 Qxg4 18.Qd3 b6 19.d6 Rd8 20.Qd5+ Kh8 21.Ng3 h5 22.Rc1 h4
23.Nf1 h3 24.Ng3 hxg2 25.Kxg2 Rf8 26.d7 Qf3+ 27.Kh3 Qxe3 28.d8=Q Qxc1 29.Qh4+ Qh6
30.Qxh6+ Bxh6 31.Qxe5+ Bg7 32.Qc7 Re8 33.Qf7 Rf8 34.Qxg6 Rf6 35.Qe8+ Kh7
36.Nf5  1-0

[Event "Porzellan-Cup"]
[Site "Dresden"]
[Date "1999.??.??"]
[Round "2.2"]
[White "Boensch, Uwe"]
[Black "Shirov, Alexei"]
[Result "1/2-1/2"]
[WhiteElo "2530"]
[BlackElo "2720"]

1.d4 Nf6 2.c4 g6 3.Nc3 d5 4.cxd5 Nxd5 5.e4 Nxc3 6.bxc3 Bg7 7.Be3 c5 8.Qd2 Qa5
9.Rc1 cxd4 10.cxd4 Qxd2+ 11.Kxd2 O-O 12.Bd3 Nc6 13.Ne2 Rd8 14.Rc4 f5 15.Rhc1 Be6
16.Ra4 fxe4 17.Bxe4 Bd5 18.Bxd5+ Rxd5 19.Rc5 Rd6 20.Ke1 Rad8 21.Rb5 b6 22.f3 Bxd4
23.Nxd4 Nxd4 24.Bxd4 Rxd4 25.Rxa7 Rd1+ 26.Kf2 R8d2+ 27.Kg3 Rg1 28.Rxe7 Rgxg2+
29.Kf4 Rxa2 30.Rxb6 Ra8 31.Rbb7 Rf8+ 32.Ke3 Rxh2 33.Rg7+ Kh8 34.Rge7 Kg8  1/2-1/2

[Event "FRA-chT 9899"]
[Site "FRA"]
[Date "1999.??.??"]
[Round "1"]
[White "Derieux, Christian"]
[Black "Lohou, Stephane"]
[Result "0-1"]
[WhiteElo "2209"]
[BlackElo "2179"]

1.d4 Nf6 2.c4 g6 3.Nc3 d5 4.cxd5 Nxd5 5.e4 Nxc3 6.bxc3 Bg7 7.Bc4 c5 8.Ne2 O-O
9.Be3 Nc6 10.h4 cxd4 11.cxd4 Na5 12.Bd5 e6 13.Bb3 Nxb3 14.Qxb3 Qa5+ 15.Bd2 Qb6
16.Qxb6 axb6 17.e5 Bd7 18.Bb4 Rfc8 19.Rh3 Rc2 20.Rc3 Rxc3 21.Nxc3 Bc6 22.g3 Bf3
23.Kd2 f6 24.Ke3 Bc6 25.f4 Kf7 26.Rb1 Ke8 27.Bd6 Ra6 28.Bc7 fxe5 29.dxe5 Bf8
30.Bd6 Bxd6 31.exd6 Kd7 32.Rd1 Ra3 33.Rd3 b5 34.Kd4 b4 35.Nd1 Rxd3+ 36.Kxd3 Bd5
37.Ne3 Bxa2 38.Ng4 Kxd6 39.Nf6 h5 40.Ne8+ Kc5 41.Kc2 Kd4 42.Nd6 Bd5 43.Kd2 b3
44.Nb5+ Ke4  0-1

[Event "FRA-chT 9899"]
[Site "FRA"]
[Date "1999.??.??"]
[Round "2"]
[White "Komarov, Dimitri"]
[Black "Palac, Mladen"]
[Result "1/2-1/2"]
[WhiteElo "2588"]
[BlackElo "2589"]

1.d4 Nf6 2.c4 g6 3.Nc3 d5 4.cxd5 Nxd5 5.e4 Nxc3 6.bxc3 Bg7 7.Bb5+ c6 8.Ba4 O-O
9.Ne2 e5 10.O-O Nd7  1/2-1/2

[Event "FRA-chT 9899"]
[Site "FRA"]
[Date "1999.??.??"]
[Round "3"]
[White "Letreguilly, Olivier"]
[Black "Duquesnoy, Jean Philip"]
[Result "1-0"]
[WhiteElo "2245"]
[BlackElo "2166"]

1.d4 Nf6 2.c4 g6 3.Nc3 d5 4.cxd5 Nxd5 5.e4 Nxc3 6.bxc3 Bg7 7.Nf3 c5 8.Rb1 O-O
9.Be2 cxd4 10.cxd4 Qa5+ 11.Bd2 Qxa2 12.O-O Bg4 13.Bg5 h6 14.Be3 Nc6 15.d5 Ne5
16.Rxb7 e6 17.Re1 Bxf3 18.gxf3 Rfd8 19.Rb4 Qa5 20.Ra4 Qc7 21.f4 Nd7 22.d6 Qc3
23.e5 g5 24.Bd4 Qc6 25.Bf3 Qb5 26.Bxa8 Rxa8 27.Qf3 Rc8 28.Rxa7 Qb4 29.Rd1  1-0

[Event "Open des Vins"]
[Site "FRA"]
[Date "1999.??.??"]
[Round "6"]
[White "Deschamps, Patrick"]
[Black "Laurain, Dominique"]
[Result "1/2-1/2"]
[WhiteElo "1870"]
[BlackElo "2080"]

1.d4 Nf6 2.c4 g6 3.Nc3 d5 4.cxd5 Nxd5 5.e4 Nxc3 6.bxc3 Bg7 7.Nf3 O-O 8.Be3 c5
9.Rc1 Qa5 10.Qd2 Rd8 11.Be2 Bg4 12.d5 Nc6 13.O-O e6 14.Rfd1 f5 15.Ng5 Bxe2
16.Qxe2 exd5 17.exd5 Ne5 18.Ne6 Re8 19.Nxg7  1/2-1/2

[Event "FRA-chT 9899"]
[Site "FRA"]
[Date "1999.??.??"]
[Round "7"]
[White "Laclau, Daniel"]
[Black "Wolrich, Charles"]
[Result "1-0"]
[WhiteElo "2292"]
[BlackElo "2161"]

1.d4 Nf6 2.c4 g6 3.Nc3 d5 4.cxd5 Nxd5 5.e4 Nxc3 6.bxc3 Bg7 7.Nf3 c5 8.Rb1 O-O
9.Be2 cxd4 10.cxd4 Nc6 11.d5 Ne5 12.O-O Nxf3+ 13.Bxf3 e6 14.Bb2 exd5 15.Bxg7 Kxg7
16.exd5 Qd6 17.Qb3 Rd8 18.Rbc1 Rb8 19.Rfe1 Bf5 20.Qe3 a6 21.h4 h6 22.g3 Rbc8
23.Kg2 Bd7 24.Qd4+ Qf6 25.Qd3 Re8 26.Red1 Bb5 27.Qd2 Qd6 28.Qd4+ Qf6 29.Qd2 Qd6
30.Rxc8 Rxc8 31.Qd4+ Qf6 32.Qa7 Qd6 33.a4 Bd7 34.Qxb7 Rc2 35.Qb1 Qc7 36.Qa1+ Kg8
37.Qd4 Qa5 38.Rb1 Rc8 39.Ra1 Qc3 40.Qxc3 Rxc3 41.Be2 a5 42.Bb5 Bxb5 43.axb5 Rc5
44.Rxa5 Rxd5 45.Kf3 Rd2 46.Ke3 Rb2 47.Kd4 g5 48.hxg5 hxg5 49.Kc5 Rc2+ 50.Kd6 Rd2+
51.Kc6 Rc2+ 52.Kb7 Rxf2 53.b6 f5 54.Kc6 f4 55.Rxg5+  1-0

[Event "FRA-chT 9899"]
[Site "FRA"]
[Date "1999.??.??"]
[Round "9"]
[White "Verdier, Patrice"]
[Black "Roos, Daniel"]
[Result "1/2-1/2"]
[WhiteElo "2276"]
[BlackElo "2425"]

1.d4 Nf6 2.c4 g6 3.Nc3 d5 4.cxd5 Nxd5 5.e4 Nxc3 6.bxc3 Bg7 7.Bc4 c5 8.Ne2 Nc6
9.Be3 O-O 10.O-O Qc7 11.Rc1 Rd8 12.Bf4 Qd7 13.d5 Na5 14.Bd3 b6 15.Qd2 c4
16.Bc2 Nb7 17.Bh6 Bh8 18.f4 e6 19.f5 e5 20.Ng3 Qe7 21.Rf3 Bd7 22.Rcf1 f6
23.fxg6 hxg6 24.h4 Nd6 25.Be3 Bg4 26.R3f2 Qh7 27.h5 Bxh5 28.Nxh5 Qxh5 29.Rf3 Qg4
30.Rh3 Bg7 31.Rff3 Kf7 32.Rhg3 Qd7 33.Bf2 Qe8 34.Qg5 Ke7 35.Qxg6 Qxg6 36.Rxg6 Bh8
37.Bh4 Rf8 38.Rh6 Rf7 39.Rg6 Raf8 40.Kf2 Rh7 41.Bg3 Rh5 42.Ke3 Kf7 43.Rg4 Rg8
44.Rxg8 Kxg8 45.Rf1 Bg7 46.Ke2 Kf7 47.Kf3 Bh6 48.Kg4 Rg5+ 49.Kf3 Rg6 50.Bd1 Bc1
51.Ba4 b5 52.Bc2 Ba3 53.Bf2 a6 54.Rh1 Kg7 55.Rh3 Nf7 56.Rh2 Bc1 57.Be1 Kf8
58.g3 Rg8 59.Bf2 Ng5+ 60.Ke2 Kf7 61.Rh1 Bb2 62.Kd2 Ba3 63.Be3 Kg6 64.Bxg5 fxg5
65.Bd1  1/2-1/2

[Event "Oberliga Ost B9899"]
[Site "GER"]
[Date "1999.??.??"]
[Round "?"]
[White "Stimpel, Franz"]
[Black "Henrich, Thomas"]
[Result "1/2-1/2"]
[WhiteElo "2215"]
[BlackElo "2445"]

1.d4 Nf6 2.c4 g6 3.Nc3 d5 4.cxd5 Nxd5 5.e4 Nxc3 6.bxc3 Bg7 7.Bb5+ c6 8.Ba4 b5
9.Bb3 O-O 10.Qf3 b4 11.Ne2 bxc3 12.Qxc3 Ba6 13.Bc4 c5 14.Be3 Bb7 15.f3 Nc6
16.Rd1 Rc8 17.Qb2 Na5 18.Bd3 c4 19.Bc2 c3 20.Qb5 Nc4 21.Bc1 Nd6 22.Qb4 Rc4
23.Qb3 Qc7 24.Bf4 Rc8 25.Kf2 a5 26.a3 a4 27.Qa2 Qb6 28.Be3 Ba6 29.Rb1 Qa5
30.Rhd1 R4c7 31.Rb4 Bxe2 32.Kxe2 Nc4 33.Rxa4 Qh5 34.Rxc4 Rxc4 35.Bb3 R4c7
36.Bxf7+ Kf8 37.Bg8 Qb5+ 38.Ke1 e6 39.Bxe6 c2 40.Rc1 Qd3 41.Bf4 Bxd4 42.Qd5 Bc3+
43.Kf2 Qxd5 44.exd5 Bb2 45.Bxc8 Rxc8 46.Re1 c1=Q 47.Bxc1 Bxc1 48.d6 Bxa3
49.d7 Rd8 50.Re8+ Rxe8 51.dxe8=Q+ Kxe8 52.f4 Ke7 53.g4 h6 54.h4 Bb2 55.Kf3 Kd6
56.Ke4 Ke7 57.g5 hxg5 58.fxg5 Ke6 59.h5 gxh5 60.Kf3 Kf5  1/2-1/2

[Event "Oberliga Nord O9899"]
[Site "GER"]
[Date "1999.??.??"]
[Round "?"]
[White "Schulz, Joern"]
[Black "Roth, Josef"]
[Result "1-0"]
[WhiteElo "2090"]
[BlackElo "2195"]

1.d4 Nf6 2.c4 g6 3.Nc3 d5 4.cxd5 Nxd5 5.e4 Nxc3 6.bxc3 Bg7 7.Be3 c5 8.Qd2 Qa5
9.Nf3 Nc6 10.Rc1 Bg4 11.d5 Bxf3 12.gxf3 Ne5 13.Be2 c4 14.f4 Nd7 15.Bd4 Nf6
16.Bf3 O-O 17.h4 Rfd8 18.h5 Qa6 19.hxg6 hxg6 20.f5 e6 21.fxg6 exd5 22.gxf7+ Kxf7
23.e5 Ne8 24.Qg5 Ke6 25.Bg4+ Kf7 26.Qf5+ Kg8 27.Qe6+ Qxe6 28.Bxe6+  1-0

[Event "NRW-Liga II 9899"]
[Site "GER"]
[Date "1999.??.??"]
[Round "8"]
[White "Schulte Braeucker, Horst"]
[Black "Dlouhy, Peter"]
[Result "1/2-1/2"]
[WhiteElo "1925"]
[BlackElo "1870"]

1.d4 Nf6 2.c4 g6 3.Nc3 d5 4.cxd5 Nxd5 5.e4 Nxc3 6.bxc3 Bg7 7.Be3 O-O 8.Nf3 c5
9.Be2 Qa5 10.O-O cxd4 11.cxd4  1/2-1/2

[Event "SWZ-ch"]
[Site "Graechen"]
[Date "1999.??.??"]
[Round "?"]
[White "Cebalo, Miso"]
[Black "Mueller, Werner3"]
[Result "1-0"]
[WhiteElo "2511"]
[BlackElo "2156"]

1.d4 Nf6 2.c4 g6 3.Nc3 d5 4.cxd5 Nxd5 5.e4 Nxc3 6.bxc3 Bg7 7.Be3 c5 8.Rc1 Qa5
9.Qd2 O-O 10.Nf3 cxd4 11.cxd4 Qxd2+ 12.Nxd2 Nc6 13.d5 Nb4 14.Bc4 Bb2 15.Rb1 Nc2+
16.Ke2 Nxe3 17.fxe3 Bg7 18.Rhc1 Rb8 19.h3 f5 20.exf5 gxf5 21.Bb3 Be5 22.Nc4 Bf6
23.Na5 Kh8 24.Rc2 Rg8 25.Kf3 Be5 26.Rbc1 Bd7 27.Nc4 Bf6 28.Kf2 Rbf8 29.Nd2 f4
30.exf4 Bh4+ 31.Ke3 Rxg2 32.Ne4 Rxc2 33.Rxc2 Rc8 34.Rg2 Rg8 35.Re2 Rc8 36.Kf3 a5
37.Re3 Bxh3 38.Ng5 Bxg5 39.fxg5 b5 40.Rxe7 a4 41.Bd1 Rc1 42.Be2 b4 43.d6 Rc2
44.d7 Bxd7 45.Rxd7 Rxa2 46.Bc4  1-0

[Event "SWZ-ch"]
[Site "Graechen"]
[Date "1999.??.??"]
[Round "?"]
[White "Klauser, Markus"]
[Black "Moor, Roger"]
[Result "0-1"]
[WhiteElo "2378"]
[BlackElo "2324"]

1.d4 Nf6 2.c4 g6 3.Nc3 d5 4.cxd5 Nxd5 5.e4 Nxc3 6.bxc3 Bg7 7.Be3 c5 8.Qd2 Qa5
9.Rb1 a6 10.Rc1 cxd4 11.cxd4 Qxd2+ 12.Kxd2 O-O 13.Nf3 e6 14.Bc4 Nc6 15.Ke2 b5
16.Bb3 Na5 17.Bc2 Bb7 18.Bd3 f5 19.exf5 gxf5 20.Rc7 Bd5 21.Rhc1 Nc4 22.Bf4 Rf7
23.Rxf7 Kxf7 24.Rc2 Ke8 25.Ne5 Nxe5 26.Bxe5 Bxe5 27.dxe5 Ra7 28.f3 b4 29.Bc4 Rg7
30.g3 Rc7 31.Bb5+ Kd8 32.Rxc7 Kxc7 33.Bxa6 Bxa2 34.g4 fxg4 35.fxg4 Kc6 36.Ke3 Kd5
37.Bd3 h6 38.Kf4 b3 39.Be4+ Kd4 40.h4 b2 41.g5 hxg5+ 42.hxg5 b1=Q 43.Bxb1 Bxb1  0-1

[Event "Alfoeld Cup op"]
[Site "Hajduszoboszlo"]
[Date "1999.??.??"]
[Round "6"]
[White "Blasko, Istvan"]
[Black "Toth, Mate"]
[Result "1-0"]
[WhiteElo "2195"]
[BlackElo "2160"]

1.d4 Nf6 2.c4 g6 3.Nc3 d5 4.cxd5 Nxd5 5.e4 Nxc3 6.bxc3 Bg7 7.Nf3 O-O 8.Be2 c5
9.Rb1 cxd4 10.cxd4 Qa5+ 11.Bd2 Qxa2 12.Bg5 a5 13.O-O Nc6 14.d5 Rd8 15.Bd3 Ne5
16.Nxe5 Bxe5 17.Bxe7 Rd7 18.Bc5 Rc7 19.Bb6 Rc3 20.f4 Qa3 21.Be2 Bg7 22.Kh1 Bd7
23.e5 a4 24.Bd4 Rcc8 25.Rxb7 Bf5 26.e6 f6 27.Bf3 Re8 28.g4 Bd3 29.Bb2  1-0